| 000 | 00963cam a2200277 4500 | ||
|---|---|---|---|
| 001 | 7554 | ||
| 003 | BD-RjUL | ||
| 005 | 20211208234434.0 | ||
| 008 | 14 t1966 nyu b 001 0 eng | ||
| 035 | _a(BD-RjUL)7598 | ||
| 040 |
_aDLC _cDLC _dICU _dDLC _dBD-RjUL _beng |
||
| 041 | 1 |
_aeng _hfre |
|
| 082 | 0 | 0 |
_a519 _216 _bBAE 1966 |
| 100 | 1 |
_aBass, J. _q(Jean) _923565 |
|
| 245 | 1 | 0 |
_aElements of probability theory / _c[by] J. Bass. Translated by W. McKay. Translation editor: A. Jeffrey. |
| 260 |
_aNew York : _bAcademic Press, _cc1966. |
||
| 300 |
_axiv, 249 p. ; _c24 cm. |
||
| 500 | _aTranslation of Éléments de calcul des probabilités théorique et appliqué. | ||
| 504 | _aIncludes Bibliographical reference and index. | ||
| 650 | 0 |
_aProbabilities. _9243 |
|
| 650 | 0 |
_aMathematical statistics. _923566 |
|
| 942 |
_2ddc _cBK |
||
| 999 |
_c7554 _d7554 |
||